The family in question : changing households and familiar ideologies

Αποθηκεύτηκε σε:
Λεπτομέρειες βιβλιογραφικής εγγραφής
Κύριος συγγραφέας: Gittins, Diana
Μορφή: Βιβλίο
Γλώσσα:English
Δημοσίευση: London : MacMillan Press, 1990
Έκδοση:2nd ed.
Θέματα:
Ετικέτες: Προσθήκη ετικέτας
Δεν υπάρχουν, Καταχωρήστε ετικέτα πρώτοι!

MARC

LEADER 00000nam a2200000 i 4500
001 1/71351
008 990303s1990 eng d
020 |a 0-333-54570-2 
035 |l 10048301 
040 |a GR-MY-UA  |b gre  |e aacr 
041 0 |a eng 
082 0 |a 306.85 
100 1 |a Gittins, Diana. 
245 1 4 |a The family in question :  |b changing households and familiar ideologies /  |c Diana Gittins 
250 |a 2nd ed. 
260 |a London :   |b MacMillan Press,   |c 1990 
300 |a 208 p. 
650 0 0 |a Family. 
650 0 0 |a Feminism. 
852 |a INST  |b RHODES  |e 19990303  |h 306.85 GIT  |p 005400011502  |q 005400011502  |t BK  |y 0 
901 |a BIBL-1999-1 
909 |a Ρ  |b 044882  |c 1995 
922 |a 4ΕΛΗ  |b 199512  |c ΒΙΤΣΙΛΑΚΗ